000 00937nam2a22002411 4500
001 v19\rc\2079346
005 20250620032700.0
035 _a(NLR Aleph) 005150287
090 _a4893529
_c4893529
100 _a20081218d1911 |||y0rusy50 ca
101 0 _arus
102 _aRU
105 _ay z |||a|
200 1 _aСухая беда
_eРассказ из жизни Вотяков
_aВотяки
_eОчерк
210 _d1911
_aБ. м.
461 0 _1001v19\rc\2079336
_12001#$aЗемля и люди$eГеогр. библиотека$v[№ 12]
_94893432
_cСанкт-Петербург
_d1911-1915
_nП.В. Луковников
_oГеогр. библиотека
_tЗемля и люди
_v[№ 12]
700 1 _aИнфантьев
_bП.П.
_f1860-1913
_gПорфирий Павлович
801 0 _aRU
_bNLR
_gpsbo
801 1 _aRU
_bProSoft-M
_2rusmarc
852 _aNLR
_j129/4050
852 _aNLR
_j18.228.10.329
942 _cBOOK
980 _aNB